|
|
|
|
| LEADER |
01752nam a2200433 i 4500 |
| 001 |
EBC1608004 |
| 003 |
MiAaPQ |
| 005 |
20200520144314.0 |
| 006 |
m o d | |
| 007 |
cr cnu|||||||| |
| 008 |
140226t20082008dcua ob 000 0 eng d |
| 035 |
|
|
|a (MiAaPQ)EBC1608004
|
| 035 |
|
|
|a (Au-PeEL)EBL1608004
|
| 035 |
|
|
|a (CaPaEBR)ebr10369285
|
| 035 |
|
|
|a (OCoLC)870245256
|
| 040 |
|
|
|a MiAaPQ
|b eng
|e rda
|e pn
|c MiAaPQ
|d MiAaPQ
|
| 043 |
|
|
|a e-mv---
|a ee-----
|
| 050 |
|
4 |
|a HD2753.A3
|b .P53 2008
|
| 082 |
0 |
|
|a 336.243
|2 23
|
| 100 |
1 |
|
|a Piatkowski, Marcin.
|
| 245 |
1 |
0 |
|a Zero corporate income tax in Moldova :
|b tax competition and its implications for Eastern Europe /
|c Marcin Piatkowski and Mariusz Jarmuzek.
|
| 264 |
|
1 |
|a [Washington, District of Columbia] :
|b International Monetary Fund,
|c 2008.
|
| 264 |
|
4 |
|c 2008
|
| 300 |
|
|
|a 1 online resource (33 pages) :
|b illustrations, tables.
|
| 336 |
|
|
|a text
|2 rdacontent
|
| 337 |
|
|
|a computer
|2 rdamedia
|
| 338 |
|
|
|a online resource
|2 rdacarrier
|
| 440 |
|
0 |
|a IMF working paper ;
|v WP/08/203
|
| 504 |
|
|
|a Includes bibliographical references.
|
| 588 |
|
|
|a Description based on online resource; title from PDF title page (ebrary, viewed February 26, 2014).
|
| 590 |
|
|
|a Electronic reproduction. Ann Arbor, MI : ProQuest, 2015. Available via World Wide Web. Access may be limited to ProQuest affiliated libraries.
|
| 650 |
|
0 |
|a Corporations
|x Taxation
|z Moldova.
|
| 650 |
|
0 |
|a Corporations
|x Taxation
|z Europe, Eastern.
|
| 650 |
|
0 |
|a Taxation
|z Moldova.
|
| 650 |
|
0 |
|a Taxation
|z Europe, Eastern.
|
| 655 |
|
4 |
|a Electronic books.
|
| 700 |
1 |
|
|a Jarmuzek, Mariusz.
|
| 797 |
2 |
|
|a ProQuest (Firm)
|
| 856 |
4 |
0 |
|u https://ebookcentral.proquest.com/lib/matrademy/detail.action?docID=1608004
|z Click to View
|